|
|
|
|
| LEADER |
00637nab a2200169 i 4500 |
| 001 |
misc43077 |
| 005 |
20191106141334.0 |
| 008 |
180801s1991 hu o 0|| zxx d |
| 022 |
|
|
|a 1215-5233
|
| 040 |
|
|
|a SZTE Miscellanea Repozitórium
|b hun
|
| 041 |
|
|
|a zxx
|
| 245 |
0 |
0 |
|a Helsinki deklaráció az iskolázás szabadságáról
|h [elektronikus dokumentum]
|
| 260 |
|
|
|c 1991
|
| 300 |
|
|
|a 55-57
|
| 490 |
0 |
|
|a Iskolakultúra
|v 1 No. 9
|
| 695 |
|
|
|a Oktatáspolitika - Európa - 20. sz., Oktatásügy - Európa - 20. sz., Pedagógia - Európa - 20. sz.
|
| 856 |
4 |
0 |
|u http://misc.bibl.u-szeged.hu/43077/1/iskolakultura_1991_009_055-057.pdf
|z Dokumentum-elérés
|